Memoria anual 1984. Tomo 3: Legislación dictada durante 1984 en relación con cuestiones económicas

El tercer volumen de la Memoria Anual del Banco Central de Costa Rica recoge la más importante legislación que en materia económica se dicto durante 1984, por los poderes Ejecutivo y legislativo y por las juntas directivas del Banco Central, bancos comerciales y otras instituciones autónomas. El mat...

Полное описание

Сохранить в:
Библиографические подробности
Соавтор: Banco Central de Costa Rica
Формат: Текст
Опубликовано: San José: BCCR
Предметы:
Метки: Добавить метку
Нет меток, Требуется 1-ая метка записи!

MARC

LEADER 00000 a a2200000 04500
001 13722
003
040
090 |a 018100  
110 |a Banco Central de Costa Rica  
245 |a Memoria anual 1984. Tomo 3: Legislación dictada durante 1984 en relación con cuestiones económicas  
260 |a San José:   |b BCCR  
300 |a 1010 p.; tomo 3  
300 |b **no definido**  
520 |a El tercer volumen de la Memoria Anual del Banco Central de Costa Rica recoge la más importante legislación que en materia económica se dicto durante 1984, por los poderes Ejecutivo y legislativo y por las juntas directivas del Banco Central, bancos comerciales y otras instituciones autónomas. El material está agrupado en leyes, decretos y acuerdos, según fecha de emisión. Se indica el número y fecha de La Gaceta en que fue publicado, y una breve reseña el contenio de la obra en el índice. LOB/mb  
650 |a BANCO CENTRAL DE COSTA RICA  
650 |a PODER EJECUTIVO  
650 |a PODER LEGISLATIVO  
650 |a LEGISLACION ECONOMICA  
650 |a POLITICA ECONOMICA  
650 |a SALARIO MINIMO  
999 |c 13389  |d 13389